Massalik-al-Jinan Huqqa-l-bukau /

Saved in:
Bibliographic Details
Main Author: Bāmbā, Aḥmadū, 1852-1927.
Other Authors: Mbaye, Serigne Sam.
Format: Book
Language:French
Arabic
Published: [Senegal?] : Dar el Kitab, 1984.
Subjects:
Tags: Add Tag
No Tags, Be the first to tag this record!
LEADER 00846nam a2200241Ia 4500
001 008456357-5
005 20100316141550.0
008 051019s1984 sg a 000 p fre d
035 0 |a ocm62110583 
040 |a TEF  |c TEF  |d HLS 
041 1 |a fre  |a ara  |h ara 
090 |a PJ7816.A5  |b M3714 1984 
100 1 |a Bāmbā, Aḥmadū,  |d 1852-1927. 
240 1 0 |a Masālik al-jinān ḥaqq al-bukā.  |l French & Arabic 
245 1 0 |a Massalik-al-Jinan Huqqa-l-bukau /  |c de Cheikh Ahmadou Bamba ; traduit par Serigne Same M'Baye. 
260 |a [Senegal?] :  |b Dar el Kitab,  |c 1984. 
300 |a 250 p. :  |b ill. ;  |c 31 cm. 
546 |a Introductory matter in French; text in Arabic with facing French translation. 
650 0 |a Islamic poetry, Arabic. 
600 0 0 |a Muḥammad,  |c Prophet,  |d -632  |v Poetry. 
700 1 |a Mbaye, Serigne Sam. 
988 |a 20020608 
906 |0 OCLC